000 00551nam a2200217Ia 4500
003 OSt
005 20221005132855.0
006 a|||||r|||| 00| 0
007 ta
008 221004b |||||||| |||| 00| 0 tam d
024 _a50086
037 _cTextual
040 _aCRL
_cCRL
_btam
041 _2tam
_atam
082 _aO31,3N32,27, K8
100 _aParthasarathy
_9628705
245 0 _aVanjchima nayaram
650 _aTAMIL LITERATURE
942 _hO31,3N32,27, K8
_cTEXL
_2cc
999 _c1065086
_d1065086